000
00336nam a22001457a 4500
003
OSt
005
20231204100119.0
008
231204b |||||||| |||| 00| 0 eng d
040
_c
IIMT UNIVERSITY
100
_a
GEETA, PRESS
245
_a
STROTRATNAWALI
260
_a
GORAKHPUR
_b
GEETA PRESS
_c
S.2049
300
_a
296
942
_2
ddc
_c
09
999
_c
57780
_d
57780